| 000 | 00000nam 2200000za 4500 |
| 001 | 9.627809 |
| 003 | CaOODSP |
| 005 | 20210615105404 |
| 007 | ta |
| 008 | 150406|2008||||xxc||||| f|0| 0 fre d |
| 020 | |a978-0-662-08814-1 |
| 022 | |a0701-7944 |
| 040 | |aCaOODSP|bfre |
| 043 | |an-cn--- |
| 086 | 1 |aCW69-1/115F |
| 110 | 2 |aService canadien de la faune. |
| 245 | 13|aLa productivité des Petites Oies des neiges sur l'île Banks (Territoires du Nord-Ouest), Canada, de 1995 à 1998 / |
| 260 | |aOttawa - Ontario : |bEnvironnement Canada. |cJuin 2008. |
| 300 | |a36p. : |bgraphiques, cartes, références, tableaux ; |c28 cm. |
| 490 | 1 |aPublication hors série - Service canadien de la faune|x0701-7944|vN° 115 |
| 520 | 3 |aLes objectifs étaient de : recueillir de l’information sur le nombre d’oies nicheuses, sur le succès de la nidification et sur l’indice de survie des oisons ; évaluer l’incidence du climat et de la prédation sur la productivité des oies ; déterminer l’incidence du broutage des oies sur les communautés végétales. |
| 530 | |aAussi disponible en format électronique. |
| 563 | |aCouverture souple |
| 590 | |a09-19|b2009-05-08 |
| 691 | 07|aOiseau migrateur|2gcpds |
| 720 | 1 |aHines Jr., James R. |
| 720 | 1 |aSamelius, Gustaf |
| 720 | 1 |aAlisauskas, Ray T. |
| 775 | 08|tProductivity of Lesser Snow Geese on Banks Island, Northwest Territories, Canada, in 1995-1998 / |w(CaOODSP)9.618763 |
| 776 | 0#|tLa productivité des petites oies des neiges sur l’île Banks (Territoires du Nord-Ouest), Canada, de 1995 à 1998 |w(CaOODSP)9.856690 |
| 830 | #0|aPublication hors-série (Service canadien de la faune)|x0701-7944|vN° 115|w(CaOODSP)9.512900 |